[Event "DVM U14w 2016"]
[Site "Düsseldorf GER"]
[Date "2016.12.27"]
[Round "2"]
[White "Otterpohl, Isabel"]
[Black "Weimert, Miriam"]
[Result "0-1"]
[Termination "normal"]
[Board "6.1"]
[WhiteElo "1705"]
[BlackElo "1744"]
[WhiteTeam "SV Hemer"]
[BlackTeam "SG Leipzig"]
[PlyCount "108"]
[WhiteFideId "12999180"]
[BlackFideId "12966703"]
[EventCountry "GER"]
[EventRounds "7"]
[EventType "team-swiss"]
[EventDate "2016.12.26"]

1. e4 c5 2. c3 g6 3. Nf3 Bg7 4. d4 cxd4 5. cxd4 d5 6. Nc3 dxe4 7. Nxe4 Nf6 8.
Nc3 O-O 9. Be2 Bf5 10. O-O Nbd7 11. Re1 Nb6 12. Qb3 Rc8 13. h3 a6 14. Be3 Nfd5
15. Nxd5 Nxd5 16. Qxb7 Rb8 17. Qxa6 Nb4 18. Qc4 Nc2 19. Qc3 Nxa1 20. Rxa1 Qd6
21. Qd2 Qd5 22. a4 Rfc8 23. Bd3 Bxd3 24. Qxd3 Rxb2 25. Qa3 Rcb8 26. Qxe7 Bf8
27. Qf6 R8b6 28. Qh4 Rb1+ 29. Rxb1 Rxb1+ 30. Kh2 Qf5 31. Qd8 Qe6 32. Bf4 Rb2
33. Ng5 Qe7 34. Qxe7 Bxe7 35. a5 Rxf2 36. a6 Ra2 37. Ne4 Rxa6 38. Bg3 f5 39.
Nc3 Bf6 40. Bf2 Rd6 41. Ne2 Kf7 42. Kg3 g5 43. Kf3 Ke6 44. Kg3 Kd5 45. Kf3 Kc4
46. g4 f4 47. Ke4 Re6+ 48. Kf3 Ra6 49. Kg2 Ra3 50. Bg1 f3+ 51. Kf1 fxe2+ 52.
Kxe2 Bxd4 53. Bh2 Ra2+ 54. Kf1 Rxh2 0-1

[Event "DVM U14w 2016"]
[Site "Düsseldorf GER"]
[Date "2016.12.27"]
[Round "2"]
[White "Manus, Julia"]
[Black "Fege, Astrid"]
[Result "0-1"]
[Termination "normal"]
[Board "6.3"]
[WhiteElo "969"]
[BlackElo "1330"]
[WhiteTeam "SV Hemer"]
[BlackTeam "SG Leipzig"]
[PlyCount "112"]
[WhiteFideId "16234979"]
[BlackFideId "16217152"]
[EventCountry "GER"]
[EventRounds "7"]
[EventType "team-swiss"]
[EventDate "2016.12.26"]

1. e4 c5 2. Nf3 d6 3. d4 cxd4 4. Nxd4 Nf6 5. Nc3 g6 6. Be3 Bg7 7. Be2 O-O 8.
O-O Nc6 9. Qd2 Ne5 10. f3 b6 11. Rad1 Bb7 12. b3 Rc8 13. h3 Qc7 14. Ncb5 Qb8
15. f4 Nxe4 16. Qc1 Nd7 17. Bf3 Ndc5 18. Qb1 a6 19. Na3 Nc3 20. Qc1 Nxd1 21.
Qxd1 Ne4 22. Bxe4 Bxe4 23. Nb1 Rc7 24. Nd2 Bd5 25. f5 Qb7 26. fxg6 hxg6 27. Qg4
e5 28. N4f3 Qc8 29. Qg3 Rxc2 30. h4 Rc1 31. Ne1 Qe6 32. Ndf3 Bxf3 33. Bxc1 Be2
34. Rf2 Qg4 35. Qe3 Bb5 36. Qxb6 Rd8 37. Qxd8+ Bf8 38. Qg5 Qe4 39. Qe3 Qxh4 40.
Qf3 Qe7 41. a4 Bd7 42. Nc2 Qe6 43. Re2 d5 44. Bf4 e4 45. Qe3 Qc6 46. Nd4 Qb6
47. Rc2 Bc5 48. Be5 Be6 49. Qh6 Bxd4+ 50. Qe3 Bxe3+ 51. Kf1 Bd4 52. Bxd4 Qxd4
53. Ke1 e3 54. Ke2 Bg4+ 55. Ke1 Qa1+ 56. Rc1 Qxc1# 0-1

[Event "DVM U14w 2016"]
[Site "Düsseldorf GER"]
[Date "2016.12.27"]
[Round "2"]
[White "Heck, Jasmin"]
[Black "Drees, Kim"]
[Result "0-1"]
[Termination "normal"]
[Board "6.4"]
[WhiteElo "1102"]
[BlackElo "1016"]
[WhiteTeam "SG Leipzig"]
[BlackTeam "SV Hemer"]
[PlyCount "76"]
[WhiteFideId "16217160"]
[BlackFideId "16235339"]
[EventCountry "GER"]
[EventRounds "7"]
[EventType "team-swiss"]
[EventDate "2016.12.26"]

1. d3 e5 2. Nf3 Nc6 3. g3 d5 4. Nc3 Nf6 5. Bg2 Be7 6. O-O O-O 7. b3 b6 8. Bb2
Bb7 9. Qd2 Ng4 10. Nb5 Qd7 11. c4 dxc4 12. bxc4 a6 13. Nc3 Rad8 14. Nd5 Nd4 15.
Nxe5 Nxe5 16. Bxd4 Bxd5 17. Bxd5 c6 18. Bxe5 cxd5 19. Rac1 Qf5 20. Bd4 Bc5 21.
Bb2 Qg4 22. e3 dxc4 23. Rxc4 Qxc4 24. dxc4 Rxd2 25. Bc3 Rxa2 26. Kg2 b5 27.
cxb5 axb5 28. Rb1 Rb8 29. e4 Rxf2+ 30. Kh3 Re2 31. e5 h6 32. Rd1 b4 33. Bxb4
Bxb4 34. Rd5 Bc3 35. Rc5 Bxe5 36. Kg4 g6 37. h4 Rb4+ 38. Kh3 h5 0-1

[Event "DVM U14w 2016"]
[Site "Düsseldorf GER"]
[Date "2016.12.27"]
[Round "2"]
[White "Schneider, Xenia"]
[Black "Wastian, Mareike"]
[Result "1/2-1/2"]
[Termination "normal"]
[Board "7.1"]
[WhiteElo "1342"]
[BlackElo "1770"]
[WhiteTeam "SK Endingen"]
[BlackTeam "SF Brackel"]
[PlyCount "143"]
[WhiteFideId "12911984"]
[BlackFideId "12947423"]
[EventCountry "GER"]
[EventRounds "7"]
[EventType "team-swiss"]
[EventDate "2016.12.26"]

1. e4 d5 2. exd5 Nf6 3. Bc4 Nxd5 4. Nf3 Nb6 5. Bb3 Nc6 6. O-O Bf5 7. d4 e6 8.
Bf4 Be7 9. c3 O-O 10. Bc2 Bxc2 11. Qxc2 Nd5 12. Bg3 Bf6 13. Nbd2 Qe7 14. Rfe1
Rad8 15. Nc4 Rfe8 16. Qb3 Nb6 17. Ne3 h6 18. Ng4 Rc8 19. Qc2 Red8 20. Rad1 a6
21. Qc1 Na7 22. h4 c5 23. Be5 Bxe5 24. dxe5 Nc6 25. Rxd8+ Rxd8 26. Re4 Kh7 27.
Qf4 Rd1+ 28. Kh2 Nd5 29. Qg3 Qd8 30. c4 Nde7 31. Ne3 Rd3 32. Rf4 Kg8 33. h5 Nd4
34. Nxd4 cxd4 35. Qf3 Qe8 36. Qe4 Rd2 37. Nf1 Rxb2 38. Qxd4 Rxa2 39. Qb6 Qc8
40. Ne3 Nc6 41. Ng4 Qb8 42. Qe3 Qd8 43. Qb3 Qd2 44. Qg3 Kf8 45. Rf3 Qg5 46. Qh3
Nxe5 47. Nxe5 Qxe5+ 48. g3 Qc5 49. Qf1 Qxh5+ 50. Kg2 Qg6 51. Qd1 Ke8 52. Qb3
Rd2 53. Qxb7 f5 54. Qxa6 Kf7 55. c5 e5 56. Qb7+ Kg8 57. Qc8+ Kh7 58. Qxf5 Qxf5
59. Rxf5 Rd5 60. c6 Rc5 61. c7 Rxc7 62. Rxe5 Rc6 63. Kf3 Rf6+ 64. Ke3 Kg6 65.
g4 Kf7 66. f4 Re6 67. Kd4 Rf6 68. Ke4 Re6 69. f5 Rxe5+ 70. Kxe5 Ke7 71. Ke4 Kf6
72. Kf4 1/2-1/2

[Event "DVM U14w 2016"]
[Site "Düsseldorf GER"]
[Date "2016.12.27"]
[Round "2"]
[White "Garbuz, Nicole"]
[Black "Wagner, Anna"]
[Result "1-0"]
[Termination "normal"]
[Board "7.2"]
[WhiteElo "1576"]
[BlackElo "1133"]
[WhiteTeam "SF Brackel"]
[BlackTeam "SK Endingen"]
[PlyCount "121"]
[WhiteFideId "12990701"]
[BlackFideId "12983489"]
[EventCountry "GER"]
[EventRounds "7"]
[EventType "team-swiss"]
[EventDate "2016.12.26"]

1. e4 c6 2. d4 d5 3. Nc3 dxe4 4. Nxe4 Bf5 5. Ng3 Bg6 6. Nf3 Nf6 7. Bc4 e6 8. c3
Nbd7 9. O-O Nb6 10. Bb3 Bd6 11. Re1 O-O 12. Ng5 h6 13. Nh3 Re8 14. Bf4 Bxf4 15.
Nxf4 Nbd5 16. Nxg6 fxg6 17. Qf3 h5 18. Rad1 Rf8 19. Qd3 Ng4 20. Qxg6 Qh4 21.
Qxh5 Qxh5 22. Nxh5 Rxf2 23. h3 Nde3 24. Bxe6+ Kf8 25. Bxg4 Nxd1 26. Bxd1 Rxb2
27. Bb3 Rd2 28. Rf1+ Ke7 29. Rf7+ Kd6 30. Rxg7 Rd3 31. Rg6+ Kc7 32. Rg3 Rxg3
33. Nxg3 Re8 34. Kf2 Kd6 35. Nf5+ Kc7 36. g4 Rh8 37. h4 Re8 38. Kf3 Re1 39. Kf4
Rc1 40. c4 b5 41. cxb5 cxb5 42. g5 Rf1+ 43. Ke5 Re1+ 44. Kf6 Re8 45. g6 Rf8+
46. Ke6 Rg8 47. Kf7 Rd8 48. g7 Rd7+ 49. Kg6 a5 50. g8=Q a4 51. Bxa4 bxa4 52.
Qc4+ Kd8 53. Qxa4 Kc8 54. Qc6+ Rc7 55. Qxc7+ Kxc7 56. h5 Kc6 57. h6 Kd5 58. h7
Kc4 59. h8=Q Kd3 60. Qh3+ Kc4 61. Qb3# 1-0

[Event "DVM U14w 2016"]
[Site "Düsseldorf GER"]
[Date "2016.12.27"]
[Round "2"]
[White "Henninger, Claire"]
[Black "Bünte, Kirsten"]
[Result "0-1"]
[Termination "normal"]
[Board "7.3"]
[WhiteElo "1033"]
[BlackElo "1445"]
[WhiteTeam "SK Endingen"]
[BlackTeam "SF Brackel"]
[PlyCount "134"]
[WhiteFideId "16200659"]
[BlackFideId "16200535"]
[EventCountry "GER"]
[EventRounds "7"]
[EventType "team-swiss"]
[EventDate "2016.12.26"]

1. e4 c6 2. d4 d5 3. exd5 cxd5 4. Nc3 Nf6 5. Nf3 Nc6 6. h3 Bf5 7. Bd3 Bg6 8.
Bxg6 hxg6 9. O-O e6 10. Bf4 Bd6 11. Qd2 Rc8 12. Be5 Bxe5 13. dxe5 Nd7 14. Rfe1
a6 15. a3 Qc7 16. Qe2 O-O 17. Rad1 Qb6 18. b3 Qc5 19. Nb1 Na7 20. Rc1 Nb5 21.
b4 Qc7 22. c3 Nb6 23. Rc2 Qc4 24. Qxc4 Rxc4 25. Rd1 Rfc8 26. Rd3 Na4 27. Nfd2
R4c7 28. Nf3 Naxc3 29. Nxc3 Rxc3 30. Rdxc3 Rxc3 31. Rxc3 Nxc3 32. Nd2 Nb5 33.
Nb1 f6 34. exf6 gxf6 35. Kf1 Kf7 36. Ke2 e5 37. Kd3 Ke6 38. a4 Nd4 39. Nc3 f5
40. h4 f4 41. g4 Nf3 42. h5 gxh5 43. gxh5 Ng5 44. Ke2 e4 45. b5 d4 46. Nd1 axb5
47. axb5 Kd5 48. Nb2 Kc5 49. b6 Kxb6 50. Nc4+ Kc5 51. Ne5 b5 52. h6 b4 53. Nd7+
Kc4 54. Nb6+ Kb5 55. Nd5 b3 56. Nc3+ dxc3 57. Kd1 b2 58. Kc2 e3 59. h7 Nxh7 60.
fxe3 fxe3 61. Kxc3 b1=Q 62. Kd4 Qf5 63. Kc3 Qd5 64. Kc2 Kb4 65. Kb2 Qd2+ 66.
Kb1 Kb3 67. Ka1 Qc1# 0-1

[Event "DVM U14w 2016"]
[Site "Düsseldorf GER"]
[Date "2016.12.27"]
[Round "2"]
[White "Elier, Basmalah"]
[Black "Reinbold, Sorah Marie"]
[Result "0-1"]
[Termination "normal"]
[Board "7.4"]
[WhiteElo "756"]
[BlackElo "1001"]
[WhiteTeam "SF Brackel"]
[BlackTeam "SK Endingen"]
[PlyCount "40"]
[WhiteFideId "16223004"]
[BlackFideId "12983497"]
[EventCountry "GER"]
[EventRounds "7"]
[EventType "team-swiss"]
[EventDate "2016.12.26"]

1. e4 e5 2. Nf3 Nc6 3. Nc3 Nf6 4. Bc4 Bc5 5. O-O d6 6. d3 h6 7. Re1 O-O 8. h3
a6 9. Na4 b5 10. Nxc5 dxc5 11. Bd5 Nxd5 12. exd5 Qxd5 13. Be3 Bb7 14. Nh4 Nb4
15. Nf5 Qe6 16. g4 Rad8 17. Bxc5 Rfe8 18. Bxb4 Qc6 19. Ne7+ Rxe7 20. Bxe7 Qg2#
0-1

[Event "DVM U14w 2016"]
[Site "Düsseldorf GER"]
[Date "2016.12.27"]
[Round "2"]
[White "Kirschner, Elena"]
[Black "Reichelt, Lena"]
[Result "1/2-1/2"]
[Termination "normal"]
[Board "8.1"]
[WhiteElo "1269"]
[BlackElo "1486"]
[WhiteTeam "SV SF Friedrichshagen"]
[BlackTeam "SK Nordhorn-Blanke"]
[PlyCount "61"]
[WhiteFideId "16205804"]
[BlackFideId "12981184"]
[EventCountry "GER"]
[EventRounds "7"]
[EventType "team-swiss"]
[EventDate "2016.12.26"]

1. e4 e6 2. d3 d5 3. Nd2 Nf6 4. Ngf3 b6 5. g3 Bb7 6. Qe2 Be7 7. Bg2 O-O 8. O-O
c5 9. c3 dxe4 10. dxe4 Ba6 11. c4 Nc6 12. b3 Nd4 13. Nxd4 Qxd4 14. Rb1 Bb7 15.
Bb2 Qd7 16. Rbd1 Qc7 17. Rfe1 Rad8 18. h3 Nd7 19. Qg4 Bf6 20. Bxf6 Nxf6 21. Qe2
Rd4 22. Qe3 Rfd8 23. Qe2 Qd7 24. e5 Ne8 25. Bxb7 Qxb7 26. Nf3 Rxd1 27. Rxd1 Qb8
28. Rxd8 Qxd8 29. Qe4 Qe7 30. Qa8 g6 31. h4 1/2-1/2

[Event "DVM U14w 2016"]
[Site "Düsseldorf GER"]
[Date "2016.12.27"]
[Round "2"]
[White "Meijerink, Inken"]
[Black "Fricke, Edna Marlene"]
[Result "1-0"]
[Termination "normal"]
[Board "8.2"]
[WhiteElo "1381"]
[BlackElo "1376"]
[WhiteTeam "SK Nordhorn-Blanke"]
[BlackTeam "SV SF Friedrichshagen"]
[PlyCount "63"]
[WhiteFideId "16225465"]
[BlackFideId "12988839"]
[EventCountry "GER"]
[EventRounds "7"]
[EventType "team-swiss"]
[EventDate "2016.12.26"]

1. e4 c5 2. Nf3 Nc6 3. d4 cxd4 4. Nxd4 g6 5. Nc3 Bg7 6. Be3 Nf6 7. Bc4 Qa5 8.
O-O O-O 9. h3 Qb4 10. Bb3 e6 11. a3 Qe7 12. f4 d6 13. Qf3 Nd7 14. Rad1 a6 15.
g4 e5 16. Nxc6 bxc6 17. f5 g5 18. Rf2 h6 19. Rh2 Bf6 20. Qg2 Kh7 21. Qd2 Bb7
22. Qxd6 Qxd6 23. Rxd6 Rad8 24. Rhd2 Bc8 25. Rxc6 Bb7 26. Rcd6 Bc8 27. Nd5 Kg7
28. Nxf6 Nxf6 29. Rxd8 Rxd8 30. Rxd8 Bb7 31. Bd5 Bxd5 32. exd5 1-0

[Event "DVM U14w 2016"]
[Site "Düsseldorf GER"]
[Date "2016.12.27"]
[Round "2"]
[White "Kessen, Fanny"]
[Black "Wolterink, Jule"]
[Result "0-1"]
[Termination "normal"]
[Board "8.3"]
[WhiteElo "1218"]
[BlackElo "1325"]
[WhiteTeam "SV SF Friedrichshagen"]
[BlackTeam "SK Nordhorn-Blanke"]
[PlyCount "64"]
[WhiteFideId "16217357"]
[BlackFideId "12981206"]
[EventCountry "GER"]
[EventRounds "7"]
[EventType "team-swiss"]
[EventDate "2016.12.26"]

1. e4 e6 2. d4 d5 3. exd5 exd5 4. Nc3 c6 5. Nf3 Bd6 6. Bd3 Ne7 7. O-O Be6 8.
Re1 h6 9. Ne5 Nd7 10. Bf4 Qc7 11. Qd2 O-O-O 12. Bg3 Rdf8 13. a4 Bf5 14. a5 Bxd3
15. Nxd3 g5 16. Rxe7 f5 17. Bxd6 Qxd6 18. Ree1 f4 19. Ne5 h5 20. b4 Nxe5 21.
Rxe5 g4 22. b5 h4 23. b6 a6 24. Rg5 h3 25. Rxg4 hxg2 26. Rxg2 Rhg8 27. f3 Qe6
28. Kh1 Qh3 29. Rxg8 Rxg8 30. Rg1 Qxf3+ 31. Rg2 Qf1+ 32. Rg1 Rxg1# 0-1

[Event "DVM U14w 2016"]
[Site "Düsseldorf GER"]
[Date "2016.12.27"]
[Round "2"]
[White "Wolterink, Insa"]
[Black "de Veer, Mara"]
[Result "1-0"]
[Termination "normal"]
[Board "8.4"]
[WhiteElo "1023"]
[BlackElo "969"]
[WhiteTeam "SK Nordhorn-Blanke"]
[BlackTeam "SV SF Friedrichshagen"]
[PlyCount "67"]
[WhiteFideId "16235266"]
[BlackFideId "16217349"]
[EventCountry "GER"]
[EventRounds "7"]
[EventType "team-swiss"]
[EventDate "2016.12.26"]

1. d4 d5 2. Nf3 e6 3. e3 c5 4. c3 Bd6 5. Bd3 Nf6 6. Nbd2 b6 7. O-O O-O 8. Qe2
Nbd7 9. e4 dxe4 10. Nxe4 Qe7 11. Bg5 Bb7 12. Rfe1 h6 13. Bh4 Bxe4 14. Bxe4 Rac8
15. Rad1 Qe8 16. Bd3 g6 17. Bb5 Qd8 18. Bxd7 Qxd7 19. Bxf6 Bb8 20. dxc5 Qc6 21.
cxb6 Qxb6 22. Qd2 Kh7 23. Ne5 Bxe5 24. Rxe5 Qc7 25. Re4 h5 26. Qg5 Rg8 27. g4
Rge8 28. gxh5 Rh8 29. h6 Qb7 30. Rh4 Rhg8 31. Qe5 Qxb2 32. Rd7 Rge8 33. Bh8
Rxh8 34. Qg7# 1-0

[Event "DVM U14w 2016"]
[Site "Düsseldorf GER"]
[Date "2016.12.27"]
[Round "2"]
[White "Kohl, Natalie"]
[Black "Gauchel, Verena"]
[Result "0-1"]
[Termination "normal"]
[Board "9.1"]
[WhiteElo "1448"]
[BlackElo "1544"]
[WhiteTeam "Meuselwitzer SV"]
[BlackTeam "SC Ammersee"]
[PlyCount "62"]
[WhiteFideId "12967408"]
[BlackFideId "12988537"]
[EventCountry "GER"]
[EventRounds "7"]
[EventType "team-swiss"]
[EventDate "2016.12.26"]

1. e4 c5 2. c3 Nc6 3. d4 cxd4 4. cxd4 d6 5. Nf3 Bg4 6. Be3 Nf6 7. Nc3 g6 8. Bb5
Bd7 9. O-O a6 10. Bc4 b5 11. Bb3 Bg7 12. Qd2 b4 13. Nd5 Nxe4 14. Qd3 Nf6 15.
Qc4 Nxd5 16. Qxd5 O-O 17. Ng5 Be8 18. Qe4 h6 19. Qxg6 hxg5 20. Bxg5 d5 21. Qd3
Nxd4 22. Rfe1 Bb5 23. Qg3 Qd6 24. Qh4 Nf5 25. Bxe7 Nxh4 26. Bxd6 Rfe8 27. Bxd5
Rxe1+ 28. Rxe1 Rd8 29. Rd1 Bf8 30. Be5 Be7 31. Rd4 Ng6 0-1

[Event "DVM U14w 2016"]
[Site "Düsseldorf GER"]
[Date "2016.12.27"]
[Round "2"]
[White "Heinze, Sabrina"]
[Black "Neumann, Tina"]
[Result "1/2-1/2"]
[Termination "normal"]
[Board "9.2"]
[WhiteElo "1333"]
[BlackElo "1516"]
[WhiteTeam "SC Ammersee"]
[BlackTeam "Meuselwitzer SV"]
[PlyCount "64"]
[WhiteFideId "12981737"]
[BlackFideId "16212371"]
[EventCountry "GER"]
[EventRounds "7"]
[EventType "team-swiss"]
[EventDate "2016.12.26"]

1. e4 d5 2. exd5 Qxd5 3. Nc3 Qa5 4. d3 Nf6 5. Bd2 c6 6. Nge2 Bf5 7. g3 e6 8.
Bg2 Nbd7 9. O-O Be7 10. Nd4 Bg6 11. Re1 O-O 12. Nd5 Qd8 13. Nf4 Qb6 14. Nb3 Qc7
15. Bh3 e5 16. Nxg6 hxg6 17. Bc3 Bd6 18. Bxd7 Nxd7 19. d4 Rad8 20. Qf3 exd4 21.
Bxd4 Be5 22. Bxe5 Nxe5 23. Qf4 Rfe8 24. Re3 f6 25. Rae1 b6 26. Nc1 Qd7 27. Nb3
Nf7 28. a3 Rxe3 29. Qxe3 Kf8 30. a4 Re8 31. Qc3 Rxe1+ 32. Qxe1 Ne5 1/2-1/2

[Event "DVM U14w 2016"]
[Site "Düsseldorf GER"]
[Date "2016.12.27"]
[Round "2"]
[White "Meyer, Jessica"]
[Black "Karlinger De la Quintana, Ainhoa"]
[Result "0-1"]
[Termination "normal"]
[Board "9.3"]
[WhiteElo "1402"]
[BlackElo "1064"]
[WhiteTeam "Meuselwitzer SV"]
[BlackTeam "SC Ammersee"]
[PlyCount "56"]
[WhiteFideId "16230019"]
[BlackFideId "16217268"]
[EventCountry "GER"]
[EventRounds "7"]
[EventType "team-swiss"]
[EventDate "2016.12.26"]

1. e4 g6 2. d4 Bg7 3. Nf3 c5 4. dxc5 Qa5+ 5. Bd2 Qxc5 6. Nc3 Qc7 7. Bd3 Nc6 8.
O-O Nf6 9. a3 O-O 10. b4 a6 11. Rb1 d6 12. h3 Bd7 13. Be3 Nxb4 14. axb4 Qxc3
15. Nd2 Qc7 16. f4 Rac8 17. Nf3 Ba4 18. Rc1 Nd7 19. Bd4 e5 20. fxe5 Nxe5 21.
Nxe5 dxe5 22. Be3 Rfd8 23. Qe2 Bc6 24. c4 Qd7 25. Rfd1 Qe8 26. Bb6 Rd6 27. Bc5
Rf6 28. Bb6 Ba4 0-1

[Event "DVM U14w 2016"]
[Site "Düsseldorf GER"]
[Date "2016.12.27"]
[Round "2"]
[White "Heinze, Vanessa"]
[Black "Zehr, Selina"]
[Result "1-0"]
[Termination "normal"]
[Board "9.4"]
[WhiteElo "783"]
[BlackElo "981"]
[WhiteTeam "SC Ammersee"]
[BlackTeam "Meuselwitzer SV"]
[PlyCount "51"]
[WhiteFideId "16208412"]
[BlackFideId "16235282"]
[EventCountry "GER"]
[EventRounds "7"]
[EventType "team-swiss"]
[EventDate "2016.12.26"]

1. e4 c5 2. Nf3 Nc6 3. Bc4 Nf6 4. Nc3 g6 5. d3 Bg7 6. Be3 O-O 7. Bxc5 d6 8. Be3
Qa5 9. O-O Ng4 10. Qd2 b6 11. h3 Nxe3 12. Qxe3 Bxc3 13. bxc3 Qxc3 14. Rfc1 Rb8
15. Ng5 e6 16. Qg3 Rd8 17. Qh4 h5 18. Qf4 Ne5 19. a4 Bb7 20. Ra2 d5 21. Bb3 a6
22. Rd1 d4 23. Qxe5 Rf8 24. Qf6 Qa5 25. Re1 Qb4 26. Rb1 1-0

[Event "DVM U14w 2016"]
[Site "Düsseldorf GER"]
[Date "2016.12.27"]
[Round "2"]
[White "Schilay, Maria"]
[Black "Bykov, Ilona"]
[Result "0-1"]
[Termination "normal"]
[Board "10.1"]
[WhiteElo "1264"]
[BlackElo "1399"]
[WhiteTeam "SK Neumarkt"]
[BlackTeam "Karlsruher SF"]
[PlyCount "118"]
[WhiteFideId "12942979"]
[BlackFideId "12964433"]
[EventCountry "GER"]
[EventRounds "7"]
[EventType "team-swiss"]
[EventDate "2016.12.26"]

1. e4 e5 2. Nf3 Nc6 3. Nc3 Nf6 4. a3 d5 5. Bb5 a6 6. Bxc6+ bxc6 7. exd5 e4 8.
Qe2 cxd5 9. d3 Qe7 10. dxe4 dxe4 11. Nd4 Bb7 12. Bg5 Qe5 13. Bxf6 Qxf6 14. Nxe4
Qe5 15. Nc3 Qxe2+ 16. Ndxe2 Bxg2 17. Rg1 Bc6 18. O-O-O Rd8 19. Rge1 Rxd1+ 20.
Kxd1 Kd7 21. Ng3 g6 22. Ke2 Bg7 23. Kd3 Rb8 24. b3 {(=)} Bf8 25. a4 Bc5 26. Rd1
Bd6 27. Ke3 Re8+ 28. Kd3 {(=)} Bf3 29. Rf1 f5 30. h3 Bc5 31. Kc4 Bd6 32. Kd3 h5
33. Nce2 {(=)} Bxg3 34. Nxg3 f4 35. Rg1 fxg3 36. Rxg3 Be4+ 37. Kc3 Rf8 38. Re3
Rf3 39. Kd4 Rxe3 40. Kxe3 Bxc2 41. Kd2 Bxb3 42. a5 h4 43. Kc3 Be6 44. Kd3 Bxh3
45. Ke3 Bg2 46. Kf4 g5+ 47. Kg4 c5 48. f4 gxf4 49. Kxh4 c4 50. Kg4 c3 51. Kxf4
c2 52. Kg3 c1=Q 53. Kxg2 Qe3 54. Kh1 Qe2 55. Kg1 Ke6 56. Kh1 Kf5 57. Kg1 Kf4
58. Kh1 Kg3 59. Kg1 Qg2# 0-1

[Event "DVM U14w 2016"]
[Site "Düsseldorf GER"]
[Date "2016.12.27"]
[Round "2"]
[White "Chung, Dana"]
[Black "Adelhardt, Lisa"]
[Result "1-0"]
[Termination "normal"]
[Board "10.2"]
[WhiteElo "1166"]
[BlackElo "1214"]
[WhiteTeam "Karlsruher SF"]
[BlackTeam "SK Neumarkt"]
[PlyCount "108"]
[WhiteFideId "16235290"]
[BlackFideId "16235380"]
[EventCountry "GER"]
[EventRounds "7"]
[EventType "team-swiss"]
[EventDate "2016.12.26"]

1. d4 e6 2. Nf3 b6 3. c4 Bb7 4. Bf4 Nf6 5. e3 Be7 6. Bd3 Nc6 7. O-O O-O 8. Nc3
d5 9. Rc1 Bd6 10. Bxd6 Qxd6 11. a3 dxc4 12. Nb5 Qd7 13. Rxc4 a6 14. Nc3 Qd6 15.
Ne4 Nxe4 16. Bxe4 Rab8 17. b4 Rfd8 18. Qc2 Ne7 19. Bxh7+ Kf8 20. Be4 f5 21.
Bxb7 Rxb7 22. Rc1 Rc8 23. a4 Nd5 24. b5 axb5 25. axb5 Nb4 26. Qb3 Nd5 27. Ne5
Ne7 28. Nc6 Nxc6 29. Rxc6 Qd8 30. Qxe6 Ra8 31. Qxf5+ Kg8 32. Qg4 Rba7 33. h4
Qd5 34. Qe6+ Qxe6 35. Rxe6 Kf7 36. Rec6 Rc8 37. d5 Ke7 38. d6+ Kd7 39. e4 g6
40. e5 Rb7 41. e6+ Kxe6 42. dxc7+ Kd7 43. Rd1+ Ke7 44. Rdd6 Ra7 45. Rxg6 Kf7
46. Rh6 Kg7 47. Rhd6 Raxc7 48. Rxc7+ Rxc7 49. Rxb6 Kf7 50. Rc6 Rd7 51. b6 Ke7
52. Rc7 Rxc7 53. bxc7 Kd7 54. h5 Kxc7 1-0

[Event "DVM U14w 2016"]
[Site "Düsseldorf GER"]
[Date "2016.12.27"]
[Round "2"]
[White "Burger, Daiana"]
[Black "Shevchenko, Alyona"]
[Result "0-1"]
[Termination "normal"]
[Board "10.3"]
[WhiteElo "947"]
[BlackElo "1033"]
[WhiteTeam "SK Neumarkt"]
[BlackTeam "Karlsruher SF"]
[PlyCount "106"]
[WhiteFideId "16217233"]
[BlackFideId "12983420"]
[EventCountry "GER"]
[EventRounds "7"]
[EventType "team-swiss"]
[EventDate "2016.12.26"]

1. e4 e5 2. Nf3 Nc6 3. Bc4 Bc5 4. O-O Nf6 5. Nc3 O-O 6. d3 h6 7. Be3 Bb6 8. Qd2
Ng4 9. Bxb6 axb6 10. h3 Nf6 11. d4 Re8 12. d5 Na5 13. Bb3 d6 14. Ba4 Bd7 15.
Bxd7 Qxd7 16. Qe3 Nc4 17. Qd3 Nxb2 18. Qe2 Na4 19. Nxa4 Qxa4 20. c3 Qxe4 21.
Rfe1 Qxd5 22. c4 Qc5 23. Qe3 Qxc4 24. Rec1 Qf4 25. Qc3 c5 26. Qb3 Nd7 27. g3
Qe4 28. Re1 Qa4 29. Qd5 Qc6 30. Qc4 Ra4 31. Qb3 Rea8 32. a3 c4 33. Qe3 Qc5 34.
Qxc5 Nxc5 35. Nd2 c3 36. Nb1 c2 37. Nc3 Rxa3 38. Rxa3 Rxa3 39. Nb5 Rd3 40. Nc3
Rxc3 41. Rc1 Nd3 42. Ra1 c1=Q+ 43. Rxc1 Rxc1+ 44. Kg2 b5 45. g4 b4 46. h4 b3
47. Kf3 b2 48. g5 b1=Q 49. gxh6 gxh6 50. Kg3 Qb4 51. Kg2 Qg4+ 52. Kh2 Rg1 53.
h5 Qg2# 0-1

[Event "DVM U14w 2016"]
[Site "Düsseldorf GER"]
[Date "2016.12.27"]
[Round "2"]
[White "Eichhorn, Elisabeth"]
[Black "Burger, Radena"]
[Result "1-0"]
[Termination "normal"]
[Board "10.4"]
[WhiteElo "1116"]
[BlackElo "719"]
[WhiteTeam "Karlsruher SF"]
[BlackTeam "SK Neumarkt"]
[PlyCount "59"]
[WhiteFideId "16235070"]
[BlackFideId "16217241"]
[EventCountry "GER"]
[EventRounds "7"]
[EventType "team-swiss"]
[EventDate "2016.12.26"]

1. d4 e6 2. Nf3 Nc6 3. Bf4 Nf6 4. e3 d5 5. Bd3 Bb4+ 6. c3 Bd6 7. Bg3 O-O 8. Qc2
Qd7 9. Bh4 Ng4 10. h3 e5 11. hxg4 Qxg4 12. Nbd2 Qxg2 13. O-O-O Bg4 14. Rdg1
Qxg1+ 15. Rxg1 Bxf3 16. Nxf3 Rae8 17. dxe5 Bxe5 18. Nxe5 Nxe5 19. Bf6 g6 20.
Bxe5 Rxe5 21. c4 dxc4 22. Qxc4 b6 23. Kb1 Rc5 24. Qf4 Rd5 25. Bc2 Rd7 26. Rh1
c5 27. Qh6 f6 28. Bb3+ c4 29. Bxc4+ Rdf7 30. Qxh7# 1-0

[Event "DVM U14w 2016"]
[Site "Düsseldorf GER"]
[Date "2016.12.28"]
[Round "3"]
[White "Dietz, Kristin"]
[Black "Müdder, Melanie"]
[Result "0-1"]
[Termination "normal"]
[Board "1.1"]
[WhiteElo "1617"]
[BlackElo "1604"]
[WhiteClock "00:52:56"]
[BlackClock "00:48:01"]
[WhiteTeam "USV Halle"]
[BlackTeam "SG Solingen"]
[PlyCount "54"]
[WhiteFideId "12993743"]
[BlackFideId "12994103"]
[EventCountry "GER"]
[EventRounds "7"]
[EventType "team-swiss"]
[EventDate "2016.12.26"]

1. e4 {[%clk 1:30:58]} c5 {[%clk 1:30:53]} 2. Nf3 {[%clk 1:31:23]} Nc6 {[%clk
1:31:14]} 3. d4 {[%clk 1:31:47]} cxd4 {[%clk 1:31:37]} 4. Nxd4 {[%clk 1:32:08]}
e5 {[%clk 1:31:49]} 5. Nb5 {[%clk 1:32:30]} a6 {[%clk 1:31:43]} 6. Nd6+ {[%clk
1:32:48]} Bxd6 {[%clk 1:32:06]} 7. Qxd6 {[%clk 1:32:56]} Qe7 {[%clk 1:32:19]}
8. Qxe7+ {[%clk 1:31:41]} Ngxe7 {[%clk 1:32:34]} 9. Nc3 {[%clk 1:31:57]} d5
{[%clk 1:32:11]} 10. exd5 {[%clk 1:29:55]} Nb4 {[%clk 1:32:25]} 11. Bd3 {[%clk
1:29:53]} Bf5 {[%clk 1:29:32]} 12. Bxf5 {[%clk 1:24:42]} Nxf5 {[%clk 1:29:42]}
13. O-O {[%clk 1:24:58]} Nxc2 {[%clk 1:29:03]} 14. Rb1 {[%clk 1:25:17]} O-O
{[%clk 1:26:51]} 15. Rd1 {[%clk 1:23:00]} Rfd8 {[%clk 1:16:53]} 16. b3 {[%clk
1:19:05]} Rd7 {[%clk 1:08:11]} 17. Bb2 {[%clk 1:15:00]} Ncd4 {[%clk 1:02:36]}
18. Rd2 {[%clk 1:13:10]} Rad8 {[%clk 1:00:47]} 19. Rbd1 {[%clk 1:11:56]} f6
{[%clk 0:56:50]} 20. Ba3 {[%clk 1:03:21]} Rc8 {[%clk 0:54:11]} 21. Rd3 {[%clk
0:59:41]} Rxc3 {[%clk 0:52:09]} 22. Rxc3 {[%clk 0:59:41]} Ne2+ {[%clk 0:52:34]}
23. Kf1 {[%clk 0:59:58]} Nxc3 {[%clk 0:52:58]} 24. Rc1 {[%clk 1:00:18]} Nxd5
{[%clk 0:51:20]} 25. g3 {[%clk 0:55:56]} Rc7 {[%clk 0:50:04]} 26. Rd1 {[%clk
0:55:51]} Nfe7 {[%clk 0:48:18]} 27. Bc5 {[%clk 0:52:56]} Rxc5 {[%clk 0:48:01]}
0-1